000 00636cam a2200205 4500
008 000000n2000 000 0 eng u
020 _a0117535680
035 _a(Sirsi) u108845
050 _a711.3
110 _aUnited Kingdom
_bDepartment of the Environment, Transport and the Regions
_93507
245 _aGood practice guide on sustainability appraisal of regional planning guidance.
260 _aLondon
_bStationery Office
_c2000
300 _a39p. ; 30cm.
350 _a11.00
650 _aRPG
650 _aREGIONAL PLANNING GUIDANCE
650 _aDEVELOPMENT
690 _aPlanning and development
_96259
942 _n0
999 _c100860
_d100860